Quiz do Laos - Statistics

Estatísticas Gerais
  • Esse quiz foi jogado 516 vezes
  • A pontuação média é 11 de 20
Estatísticas das Respostas
Dica Resposta % Correto
Países fazendo fronteira com o Laos Vietname
96%
Países fazendo fronteira com o Laos China
95%
Países fazendo fronteira com o Laos Camboja
92%
Países fazendo fronteira com o Laos Tailândia
91%
Religião mais comum Budismo
89%
Países fazendo fronteira com o Laos Birmânia
87%
País que colonizou o Laos em 1887 França
82%
80% da terra arável é usada para o cultivo disto Arroz
75%
Capital Vientiane
71%
Língua oficial Laosiano
68%
Península onde o Laos está Indochina
60%
O que o círculo na bandeira representa Lua
46%
Principal exportação agrícola do Laos Café
35%
Animal nacional Elefante
31%
Cidade onde a acima está localizada {Luang} Prabang
22%
Moeda oficial Kip
21%
Rio passando pela capital Mecom
20%
Cachoeira mais famosa {Kuang} Si
18%
Movimento comunista que tomou o poder em 1975 {Pathet} Lao
15%
Cordilheira formando a fronteira leste do Laos Montanhas {Anamitas}
13%
Nenhum quiz correspondente encontrado
Distribuição das Pontuações
Porcentagem de Pessoas com Cada Pontuação
Percentil de Números Respondidos
Sua Pontuação Histórica
Você não jogou esse quiz